[Event "Malakhatko Memorial op"]
[Site "Chess.com INT"]
[Date "2023.06.14"]
[Round "4"]
[White "Andriienko, Artom"]
[Black "Zheglov, Vadim"]
[Result "1-0"]
[WhiteElo "1848"]
[BlackElo "2237"]
[PlyCount "91"]
[EventDate "2023.06.14"]
[EventType "swiss (blitz)"]
[EventRounds "11"]
[EventCountry "USA"]
[SourceTitle "CBM 214 Extra"]
[Source "ChessBase"]
[SourceDate "2023.07.31"]
[SourceVersion "1"]
[SourceVersionDate "2023.07.31"]
[SourceQuality "1"]

1. e4 c5 2. Nf3 d6 3. d4 cxd4 4. Nxd4 Nf6 5. Nc3 a6 6. Be3 e5 7. Nb3 Be6 8. Qd2 Ng4 9. Bg5 f6 10. Bh4 g5 11. Bg3 h5 12. h3 Nh6 13. f3 Nc6 14. 0-0-0 Rc8 15. Kb1 Rg8 16. Nd5 b5 17. h4 g4 18. f4 Nf7 19. c4 Bh6 20. Qf2 Bxd5 21. exd5 bxc4 22. Bxc4 Nb4 23. Qe2 a5 24. a3 a4 25. Nc1 Kf8 26. axb4 e4 27. Qxe4 f5 28. Qe2 Bg7 29. Bf2 Qc7 30. Bb5 a3 31. Bd4 axb2 32. Qxb2 Bxd4 33. Rxd4 Qb6 34. Bc6 Rb8 35. b5 Rg7 36. Re1 Kg8 37. Re8+ Rxe8 38. Bxe8 Nd8 39. Rc4 Re7 40. Bc6 Ra7 41. Qc2 Qa5 42. Nb3 Qa3 43. Qb2 Qxb2+ 44. Kxb2 Re7 45. Nd4 Re2+ 46. Nxe2 1-0